[Event "34 Open Internacional Ciudad de San Seba"]
[Site "Donostia-San Sebastian"]
[Date "2011.04.17"]
[Round "2"]
[White "Llaneza Vega, Marcos"]
[Black "Bas Mas, Jose Joaquin"]
[Result "1/2-1/2"]
[WhiteElo "2473"]
[BlackElo "2150"]
[PlyCount "108"]
[EventDate "2011.04.16"]
[EventRounds "9"]
[EventCountry "ESP"]

1. Nf3 Nf6 2. g3 e6 3. Bg2 a6 4. O-O c5 5. c4 Be7 6. d4 cxd4 7. Nxd4 Qc7 8. b3
O-O 9. Bb2 d6 10. Nc3 Nbd7 11. Rc1 Ne5 12. h3 Ng6 13. Kh2 h5 14. Nf3 Bd7 15.
Qd4 Qc5 16. Qxc5 dxc5 17. Nd2 Rab8 18. Rfd1 h4 19. Nce4 hxg3+ 20. fxg3 Nxe4 21.
Nxe4 Bc6 22. h4 f5 23. Ng5 Bxg5 24. hxg5 Bxg2 25. Kxg2 Rbd8 26. Bc3 b6 27. Kf3
Kf7 28. g4 Ne7 29. Be5 fxg4+ 30. Kxg4 Nf5 31. Rxd8 Rxd8 32. e4 Ne7 33. Bc7 Rd2
34. Rf1+ Kg6 35. Bxb6 Rxa2 36. Bxc5 Nc6 37. Rd1 Rg2+ 38. Kf4 Rxg5 39. b4 a5 40.
Rd6 Nxb4 41. Rxe6+ Kh5 42. Bxb4 axb4 43. Rb6 Rg4+ 44. Ke5 g5 45. c5 Rg1 46. c6
Rc1 47. Kd6 Rd1+ 48. Ke6 Rc1 49. Kd7 Rd1+ 50. Kc8 g4 51. Rxb4 g3 52. Rb2 Kg4
53. e5 Re1 54. c7 Rxe5 1/2-1/2

[Event "34 Open Internacional Ciudad de San Seba"]
[Site "Donostia-San Sebastian"]
[Date "2011.04.17"]
[Round "2"]
[White "Valenti, Giuseppe"]
[Black "Hansen, Torbjorn Ringdal"]
[Result "0-1"]
[WhiteElo "2143"]
[BlackElo "2459"]
[PlyCount "88"]
[EventDate "2011.04.16"]
[EventRounds "9"]
[EventCountry "ESP"]

1. Nf3 Nf6 2. c4 g6 3. Nc3 Bg7 4. g3 O-O 5. Bg2 d6 6. d4 Nc6 7. b3 a6 8. Bb2
Rb8 9. d5 Na5 10. Nd4 Bd7 11. Qd2 c5 12. dxc6 bxc6 13. e3 Qc8 14. O-O Bh3 15.
Rab1 Bxg2 16. Kxg2 Rd8 17. Nde2 Nb7 18. e4 Nc5 19. f3 a5 20. Ba3 Nfd7 21. Rfd1
a4 22. b4 Ne6 23. Rdc1 Ne5 24. Nd1 Qa6 25. Ne3 Qa8 26. f4 Nd7 27. Qd3 Nf6 28.
Nc3 d5 29. cxd5 cxd5 30. Ncxd5 Nxd5 31. Nxd5 Nd4 32. Qe3 Rxd5 33. exd5 Qxd5+
34. Kh3 Qh5+ 35. Kg2 Qd5+ 36. Kh3 h5 37. Rc3 Qd7+ 38. Kg2 Rb6 39. Qe4 Re6 40.
Qa8+ Kh7 41. Rb2 Nf5 42. Rf2 Ne3+ 43. Kf3 Qd1+ 44. Re2 Qh1+ 0-1

[Event "34 Open Internacional Ciudad de San Seba"]
[Site "Donostia-San Sebastian"]
[Date "2011.04.17"]
[Round "2"]
[White "Diaz Herrero, Alvaro"]
[Black "Venkatesh, M R."]
[Result "0-1"]
[WhiteElo "2126"]
[BlackElo "2455"]
[PlyCount "52"]
[EventDate "2011.04.16"]
[EventRounds "9"]
[EventCountry "ESP"]

1. e4 c5 2. Nf3 Nc6 3. d4 cxd4 4. Nxd4 Nf6 5. Nc3 e5 6. Ndb5 d6 7. Bg5 a6 8.
Na3 b5 9. Bxf6 gxf6 10. Nd5 Bg7 11. Bd3 Ne7 12. Nxe7 Qxe7 13. O-O O-O 14. Qf3
Qb7 15. c4 Bd7 16. Rad1 Kh8 17. Rfe1 Rad8 18. Qe2 Rb8 19. Bb1 Qb6 20. Qd3 Bg4
21. b3 Bxd1 22. Rxd1 Qc5 23. Qxd6 Rbd8 24. Qxd8 Rxd8 25. Rxd8+ Bf8 26. Nc2 bxc4
0-1

[Event "34 Open Internacional Ciudad de San Seba"]
[Site "Donostia-San Sebastian"]
[Date "2011.04.17"]
[Round "2"]
[White "Colovic, Aleksandar"]
[Black "Baekelant, Eva"]
[Result "1-0"]
[WhiteElo "2452"]
[BlackElo "2103"]
[PlyCount "81"]
[EventDate "2011.04.16"]
[EventRounds "9"]
[EventCountry "ESP"]

1. c4 Nf6 2. Nc3 g6 3. e4 d6 4. d4 Bg7 5. Nf3 O-O 6. Be2 e5 7. Be3 Nc6 8. d5
Ne7 9. Nd2 Ne8 10. c5 f5 11. f3 Kh8 12. O-O f4 13. Bf2 g5 14. Rc1 h5 15. Nc4
Ng8 16. cxd6 cxd6 17. Nb5 a6 18. Nb6 Rb8 19. Na3 Nh6 20. Nxc8 Rxc8 21. Rxc8
Qxc8 22. Qc2 Qd8 23. Rc1 g4 24. Qc8 Qg5 25. Qe6 g3 26. Be1 gxh2+ 27. Kxh2 Ng4+
28. Kg1 Ne3 29. Qh3 Bh6 30. Nc4 Rg8 31. Nxe3 fxe3 32. Rc8 Qg6 33. Kf1 Qg5 34.
a4 Qg6 35. a5 Kh7 36. Rb8 Rg7 37. Qf5 Qxf5 38. exf5 Nf6 39. Bh4 Nxd5 40. f6
Nxf6 41. Bxf6 1-0

[Event "34 Open Internacional Ciudad de San Seba"]
[Site "Donostia-San Sebastian"]
[Date "2011.04.17"]
[Round "2"]
[White "Torres Ganuza, Fco  Javier"]
[Black "Mateo, Ramon"]
[Result "0-1"]
[WhiteElo "2120"]
[BlackElo "2446"]
[PlyCount "64"]
[EventDate "2011.04.16"]
[EventRounds "9"]
[EventCountry "ESP"]

1. d4 Nf6 2. Nf3 b5 3. Bg5 Bb7 4. e3 a6 5. c3 e6 6. Bd3 c5 7. O-O cxd4 8. exd4
Be7 9. Nbd2 Nc6 10. Qe2 O-O 11. Ne5 Nd5 12. Bxe7 Qxe7 13. f4 d6 14. Nxc6 Bxc6
15. Ne4 f5 16. Ng3 Rfe8 17. Rae1 Qb7 18. Qd2 Nf6 19. Re2 Bd5 20. a3 Rac8 21.
Ree1 Qc6 22. Qe2 g6 23. Rc1 Qb6 24. Kh1 h5 25. Rfe1 h4 26. Nf1 h3 27. Ne3 hxg2+
28. Nxg2 e5 29. Qf2 exd4 30. Qxd4 Qxd4 31. cxd4 Rxc1 32. Rxc1 Nh5 0-1

[Event "34 Open Internacional Ciudad de San Seba"]
[Site "Donostia-San Sebastian"]
[Date "2011.04.17"]
[Round "2"]
[White "Santos Etxepare, Agustin"]
[Black "Fuente San Sebastian, Ernesto"]
[Result "0-1"]
[WhiteElo "1575"]
[BlackElo "1879"]
[PlyCount "30"]
[EventDate "2011.04.16"]
[EventRounds "9"]
[EventCountry "ESP"]

1. d4 Nf6 2. c4 e5 3. dxe5 Ng4 4. Nf3 Bc5 5. e3 Nc6 6. Be2 Ngxe5 7. O-O O-O 8.
b3 Qf6 9. Qc2 Nxf3+ 10. Bxf3 Qxa1 11. Bb2 Qxa2 12. Qc3 f6 13. Bd5+ Kh8 14. Bxc6
dxc6 15. b4 Bd6 0-1

[Event "34 Open Internacional Ciudad de San Seba"]
[Site "Donostia-San Sebastian"]
[Date "2011.04.17"]
[Round "2"]
[White "Huerga Leache, Mikel"]
[Black "Uriarte Prieto, Goyo"]
[Result "1-0"]
[WhiteElo "2440"]
[BlackElo "2100"]
[PlyCount "75"]
[EventDate "2011.04.16"]
[EventRounds "9"]
[EventCountry "ESP"]

1. e4 e6 2. d4 d5 3. Nc3 Bb4 4. e5 c5 5. a3 Bxc3+ 6. bxc3 Ne7 7. Nf3 Nbc6 8.
Bd3 c4 9. Be2 h6 10. Nh4 Qa5 11. Bd2 Bd7 12. O-O O-O-O 13. f4 Rdg8 14. g4 f6
15. Kh1 Qd8 16. Qe1 f5 17. gxf5 Nxf5 18. Ng6 Rh7 19. Bg4 Nce7 20. Nxe7+ Qxe7
21. Qe2 g6 22. a4 h5 23. Bh3 h4 24. Rg1 Qf7 25. Qg4 Rh6 26. Rg2 Rgh8 27. Kg1
Qe8 28. a5 a6 29. Qd1 Ne7 30. f5 Nxf5 31. Bxh6 Rxh6 32. Qd2 Qh8 33. Qg5 Qd8 34.
Kf2 Qf8 35. Qf6 Qxf6 36. exf6 Nd6 37. Ke3 Kd8 38. Rag1 1-0

[Event "34 Open Internacional Ciudad de San Seba"]
[Site "Donostia-San Sebastian"]
[Date "2011.04.17"]
[Round "2"]
[White "Silva Rodriguez, Julio"]
[Black "Barria Zuniga, Daniel"]
[Result "0-1"]
[WhiteElo "2103"]
[BlackElo "2438"]
[PlyCount "84"]
[EventDate "2011.04.16"]
[EventRounds "9"]
[EventCountry "ESP"]

1. e4 c5 2. Nf3 e6 3. Nc3 a6 4. d4 cxd4 5. Nxd4 Qc7 6. g3 Bb4 7. Nde2 Nf6 8.
Bg2 Be7 9. O-O Nc6 10. h3 O-O 11. g4 d6 12. Be3 b5 13. f4 Nd7 14. g5 Re8 15.
Qe1 Bf8 16. Qf2 Rb8 17. Rad1 b4 18. Na4 a5 19. b3 Ba6 20. Rfe1 Bb5 21. Nb2 Rbc8
22. c4 bxc3 23. Nxc3 Ba6 24. Nca4 Qb8 25. Rc1 Nb4 26. Nb6 Nxb6 27. Bxb6 Nxa2
28. Rxc8 Rxc8 29. Nc4 a4 30. Qxa2 Bxc4 31. bxc4 Qxb6+ 32. Kh1 Qb3 33. Qxb3 axb3
34. Rb1 Rb8 35. f5 b2 36. Kg1 Be7 37. h4 Rb3 38. Kf2 h6 39. gxh6 Bxh4+ 40. Ke2
gxh6 41. Kd2 Bf6 42. Kc2 Rc3+ 0-1

[Event "34 Open Internacional Ciudad de San Seba"]
[Site "Donostia-San Sebastian"]
[Date "2011.04.17"]
[Round "2"]
[White "Pogorelov, Ruslan"]
[Black "Bottema, Martin"]
[Result "1-0"]
[WhiteElo "2430"]
[BlackElo "2074"]
[PlyCount "44"]
[EventDate "2011.04.16"]
[EventRounds "9"]
[EventCountry "ESP"]

1. Nf3 Nf6 2. c4 c6 3. Nc3 d5 4. e3 e6 5. d4 Nbd7 6. Qc2 Bd6 7. Bd3 O-O 8. O-O
h6 9. Bd2 Qe7 10. c5 Bb8 11. e4 e5 12. exd5 cxd5 13. Rfe1 e4 14. Nxd5 Nxd5 15.
Bxe4 Qd8 16. Bxd5 Nf6 17. Bb3 Bg4 18. Ne5 Qxd4 19. Bc3 Qxc5 20. Nxg4 Nxg4 21.
Qg6 Qg5 22. Qxg5 hxg5 {Ilegible} 1-0

[Event "34 Open Internacional Ciudad de San Seba"]
[Site "Donostia-San Sebastian"]
[Date "2011.04.17"]
[Round "2"]
[White "Hilarius, Sander"]
[Black "Collins, Sam E"]
[Result "0-1"]
[WhiteElo "2096"]
[BlackElo "2426"]
[PlyCount "50"]
[EventDate "2011.04.16"]
[EventRounds "9"]
[EventCountry "ESP"]

1. d4 d5 2. c4 c6 3. Nf3 Nf6 4. Nc3 e6 5. Bg5 Nbd7 6. e3 Qa5 7. Bxf6 Nxf6 8.
Nd2 Bb4 9. Qc2 O-O 10. Bd3 c5 11. dxc5 dxc4 12. Nxc4 Qxc5 13. O-O b5 14. Nd2
Bb7 15. Rac1 Bxc3 16. bxc3 Rfd8 17. Rfd1 Rac8 18. Qb1 Rd5 19. Nb3 Qc7 20. Nd4
Ng4 21. Bxh7+ Kh8 22. g3 Rh5 23. Be4 Rxh2 24. Nxb5 Qe5 25. f4 Qxe4 0-1

[Event "34 Open Internacional Ciudad de San Seba"]
[Site "Donostia-San Sebastian"]
[Date "2011.04.17"]
[Round "2"]
[White "Thomassen, Joachim"]
[Black "Alonso Aranzabal, Inigo"]
[Result "1-0"]
[WhiteElo "2396"]
[BlackElo "2052"]
[PlyCount "67"]
[EventDate "2011.04.16"]
[EventRounds "9"]
[EventCountry "ESP"]

1. d4 Nf6 2. c4 g6 3. Nf3 Bg7 4. g3 O-O 5. Bg2 d6 6. Nc3 Nc6 7. O-O e5 8. d5
Ne7 9. e4 Nd7 10. Ne1 f5 11. Nd3 Nf6 12. a4 fxe4 13. Nxe4 Nf5 14. a5 Nd4 15.
Bg5 Bf5 16. f4 Qe8 17. Bxf6 Bxe4 18. Bxg7 Bxg2 19. Kxg2 Kxg7 20. fxe5 Rxf1 21.
Qxf1 dxe5 22. Re1 e4 23. Qf4 Nf5 24. Rxe4 Qf7 25. Re6 Rf8 26. Kh3 Kg8 27. Ne5
Qg7 28. Qg5 Kh8 29. g4 Nd4 30. Nxg6+ hxg6 31. Rxg6 Nf3 32. Qh5+ Qh7 33. Rh6 Rf7
34. Kg3 1-0

[Event "34 Open Internacional Ciudad de San Seba"]
[Site "Donostia-San Sebastian"]
[Date "2011.04.17"]
[Round "2"]
[White "Newrkla, Katharina"]
[Black "Etchegaray, Patrice"]
[Result "0-1"]
[WhiteElo "2055"]
[BlackElo "2394"]
[PlyCount "88"]
[EventDate "2011.04.16"]
[EventRounds "9"]
[EventCountry "ESP"]

1. e4 c5 2. Nf3 Nc6 3. d4 cxd4 4. Nxd4 e5 5. Nb5 d6 6. c4 Be7 7. N1c3 a6 8. Na3
Be6 9. Nc2 Bg5 10. Be2 Bxc1 11. Rxc1 Nf6 12. O-O O-O 13. Qd2 Qb6 14. Rcd1 Rfd8
15. b3 Rac8 16. Bf3 Qc7 17. Rfe1 Qb8 18. Be2 Ne7 19. Nb4 Qc7 20. Rc1 Qa5 21.
Nd3 Nc6 22. Bf1 b5 23. cxb5 axb5 24. Qb2 Qb6 25. Kh1 Rc7 26. f4 Rdc8 27. Nd5
Nxd5 28. exd5 Bxd5 29. fxe5 dxe5 30. Nxe5 h6 31. Nxc6 Rxc6 32. Rxc6 Qxc6 33.
Bd3 Qd7 34. Qe2 Bc6 35. Qf1 Ra8 36. Bb1 g6 37. Rd1 Qg4 38. Rd2 Re8 39. Rf2 h5
40. Bd3 Re5 41. Re2 Rc5 42. Re1 h4 43. Qe2 Qg5 44. h3 Re5 0-1

[Event "34 Open Internacional Ciudad de San Seba"]
[Site "Donostia-San Sebastian"]
[Date "2011.04.17"]
[Round "2"]
[White "Argandona Riveiro, Inigo"]
[Black "Roldan Riaga, Roberto"]
[Result "1-0"]
[WhiteElo "2389"]
[BlackElo "2045"]
[PlyCount "54"]
[EventDate "2011.04.16"]
[EventRounds "9"]
[EventCountry "ESP"]

1. Nf3 d5 2. d4 c6 3. e3 Nf6 4. c4 e6 5. b3 Nbd7 6. Bb2 Bd6 7. Bd3 O-O 8. O-O
Qc7 9. Nc3 dxc4 10. bxc4 e5 11. Qc2 b6 12. Ne4 exd4 13. Nxd6 Qxd6 14. exd4 Bb7
15. a4 Rfe8 16. Rfd1 Qf4 17. Bc1 Qc7 18. Bg5 h6 19. Bh4 Nh5 20. a5 Qf4 21. Qa4
b5 22. Qb3 a6 23. c5 Ndf6 24. Bg6 Rf8 25. Re1 Qg4 26. Bxf7+ Rxf7 27. Ne5 Raf8
1-0

[Event "34 Open Internacional Ciudad de San Seba"]
[Site "Donostia-San Sebastian"]
[Date "2011.04.17"]
[Round "2"]
[White "Rabin, Evan Z"]
[Black "Debray, Christopher"]
[Result "0-1"]
[WhiteElo "2035"]
[BlackElo "2381"]
[PlyCount "41"]
[EventDate "2011.04.16"]
[EventRounds "9"]
[EventCountry "ESP"]

1. e4 c5 2. Nf3 g6 3. d4 cxd4 4. Nxd4 Bg7 5. c4 Nc6 6. Be3 Nh6 7. Nc3 O-O 8.
Be2 f5 9. O-O f4 10. Nxc6 bxc6 11. Bd4 d6 12. f3 Qa5 13. Bxg7 Kxg7 14. Qd4+ Rf6
15. Rfd1 Nf7 16. a3 Qh5 17. b4 Ne5 18. c5 g5 19. cxd6 Rxd6 20. Qf2 c5 21. b5
0-1

[Event "34 Open Internacional Ciudad de San Seba"]
[Site "Donostia-San Sebastian"]
[Date "2011.04.17"]
[Round "2"]
[White "Alonso Arburu, Juan Ignacio"]
[Black "Rodriguez Martinez, Fernando"]
[Result "1-0"]
[WhiteElo "2367"]
[BlackElo "2026"]
[PlyCount "74"]
[EventDate "2011.04.16"]
[EventRounds "9"]
[EventCountry "ESP"]

1. e4 e5 2. Nf3 Nc6 3. Bb5 a6 4. Ba4 Nf6 5. Qe2 b5 6. Bb3 Be7 7. c3 O-O 8. O-O
d5 9. d3 Bg4 10. h3 Bh5 11. Bg5 Na5 12. Bxf6 Bxf6 13. Bxd5 c6 14. Bb3 Nxb3 15.
axb3 Qc7 16. Nbd2 Be7 17. Rfd1 f6 18. Nf1 Bf7 19. Qc2 c5 20. c4 Qb7 21. Ne3
Rfb8 22. Ra3 g6 23. g4 Kg7 24. Kg2 Rd8 25. Nd5 Bf8 26. Qd2 Rd6 27. g5 Bxd5 28.
cxd5 Be7 29. Qe3 Rc8 30. Rc1 Qb6 31. Raa1 fxg5 32. b4 Rdd8 33. Nxe5 Bd6 34.
Qxg5 cxb4 35. Nc6 Rf8 36. Qe3 Rxc6 37. Rxc6 Qb8 1-0

[Event "34 Open Internacional Ciudad de San Seba"]
[Site "Donostia-San Sebastian"]
[Date "2011.04.17"]
[Round "2"]
[White "Houweling, Bert"]
[Black "Nyysti, Sampsa"]
[Result "1/2-1/2"]
[WhiteElo "2027"]
[BlackElo "2365"]
[PlyCount "91"]
[EventDate "2011.04.16"]
[EventRounds "9"]
[EventCountry "ESP"]

1. e4 e5 2. Nf3 Nc6 3. d4 exd4 4. Nxd4 Nf6 5. Nxc6 bxc6 6. Bd3 d5 7. e5 Ng4 8.
O-O Bc5 9. Bf4 g5 10. Bg3 h5 11. Be2 Qe7 12. Nc3 Rb8 13. Na4 Be6 14. h3 h4 15.
Bxg4 hxg3 16. Nxc5 Qxc5 17. Bxe6 fxe6 18. Qf3 gxf2+ 19. Rxf2 Rf8 20. Qxf8+ Qxf8
21. Rxf8+ Kxf8 22. Rf1+ Ke7 23. b3 Rb4 24. Re1 Rd4 25. Kf2 c5 26. g3 Kf7 27. c3
Rd2+ 28. Re2 Rd1 29. Re1 Rxe1 30. Kxe1 g4 31. hxg4 Kg6 32. Ke2 Kg5 33. Kf3 c6
34. b4 d4 35. cxd4 cxb4 36. Ke4 a5 37. Kd3 Kxg4 38. Kc4 Kxg3 39. Kc5 Kf4 40.
Kxc6 a4 41. d5 Kxe5 42. d6 b3 43. axb3 axb3 44. d7 b2 45. d8=Q b1=Q 46. Qh8+
1/2-1/2

[Event "34 Open Internacional Ciudad de San Seba"]
[Site "Donostia-San Sebastian"]
[Date "2011.04.17"]
[Round "2"]
[White "Praveen Kumar, C."]
[Black "Smith, Matthieu"]
[Result "1-0"]
[WhiteElo "2352"]
[BlackElo "2019"]
[PlyCount "67"]
[EventDate "2011.04.16"]
[EventRounds "9"]
[EventCountry "ESP"]

1. d4 d6 2. c4 Nf6 3. Nc3 Nbd7 4. e4 e5 5. d5 Nc5 6. f3 a5 7. Be3 b6 8. Nge2
Be7 9. Ng3 h5 10. Qd2 g6 11. O-O-O Nh7 12. Be2 Bg5 13. Rhf1 Bxe3 14. Qxe3 Bd7
15. f4 exf4 16. Rxf4 Qe7 17. Rdf1 f6 18. h4 Qe5 19. Nh1 O-O-O 20. Nf2 g5 21.
hxg5 fxg5 22. Rf7 g4 23. Nd3 Nxd3+ 24. Qxd3 Ng5 25. c5 Nxf7 26. Qa6+ Kb8 27.
cxb6 cxb6 28. Qxb6+ Ka8 29. Rxf7 Qg5+ 30. Kb1 Qd2 31. Qa6+ Kb8 32. Qxd6+ Ka8
33. Qa6+ Kb8 34. Rf6 1-0

[Event "34 Open Internacional Ciudad de San Seba"]
[Site "Donostia-San Sebastian"]
[Date "2011.04.17"]
[Round "2"]
[White "Tholey, Jean-Paul"]
[Black "Trepat Herranz, Joan"]
[Result "0-1"]
[WhiteElo "2019"]
[BlackElo "2343"]
[PlyCount "90"]
[EventDate "2011.04.16"]
[EventRounds "9"]
[EventCountry "ESP"]

1. d4 d5 2. c4 c6 3. Nf3 Nf6 4. Nc3 e6 5. e3 Nbd7 6. Bd3 dxc4 7. Bxc4 b5 8. Bd3
Bb7 9. O-O b4 10. Ne4 Nxe4 11. Bxe4 Nf6 12. Bd3 Be7 13. Qe2 O-O 14. Ba6 Bxa6
15. Qxa6 Qb6 16. Qc4 c5 17. Bd2 Rac8 18. Rac1 Qb7 19. dxc5 Bxc5 20. Qe2 Rc7 21.
Rc4 Rfc8 22. b3 Qa6 23. Bc1 Nd5 24. Rc2 Qxe2 25. Rxe2 Be7 26. Bb2 Rc2 27. Rfe1
Bf6 28. Bxf6 gxf6 29. Kf1 Rxe2 30. Rxe2 Rc1+ 31. Re1 Rc5 32. Rd1 Ra5 33. Ra1
Nc3 34. Ke1 e5 35. Kd2 Kf8 36. Ne1 Ne4+ 37. Ke2 Rd5 38. Kf3 f5 39. Rc1 Rd2 40.
Rc2 Rd1 41. Ke2 Ra1 42. Nd3 Nc3+ 43. Rxc3 bxc3 44. a4 a5 45. Ne1 e4 0-1

[Event "34 Open Internacional Ciudad de San Seba"]
[Site "Donostia-San Sebastian"]
[Date "2011.04.17"]
[Round "2"]
[White "Abello, Sebastien"]
[Black "Severri Arrese, Carlos"]
[Result "1-0"]
[WhiteElo "2337"]
[BlackElo "2013"]
[PlyCount "51"]
[EventDate "2011.04.16"]
[EventRounds "9"]
[EventCountry "ESP"]

1. d4 d6 2. Nf3 Bg4 3. c4 c6 4. Qb3 Qb6 5. Nc3 g6 6. Be3 Bh6 7. Bxh6 Nxh6 8.
Nd2 Bc8 9. e3 Nd7 10. Qc2 Nf6 11. h3 Nhg8 12. Be2 e6 13. c5 dxc5 14. Nc4 Qc7
15. dxc5 Kf8 16. b4 e5 17. Nd6 h6 18. Bc4 Rh7 19. O-O g5 20. Nce4 Rg7 21. Rad1
b5 22. Bb3 h5 23. Nxf6 Nxf6 24. Nxc8 Rxc8 25. Qf5 Re8 26. Qxf6 1-0

[Event "34 Open Internacional Ciudad de San Seba"]
[Site "Donostia-San Sebastian"]
[Date "2011.04.17"]
[Round "2"]
[White "Sanz Rodero, Mikel"]
[Black "Cruz-Lopez Claret, Carlos"]
[Result "0-1"]
[WhiteElo "2011"]
[BlackElo "2326"]
[PlyCount "70"]
[EventDate "2011.04.16"]
[EventRounds "9"]
[EventCountry "ESP"]

1. Nf3 d5 2. c4 c6 3. e3 Nf6 4. Nc3 e6 5. Qc2 Nbd7 6. b3 Bd6 7. Bb2 O-O 8. Be2
b6 9. O-O Bb7 10. d4 Rc8 11. Bd3 c5 12. Qe2 Re8 13. Rfd1 Qe7 14. cxd5 exd5 15.
Rac1 Ne4 16. dxc5 bxc5 17. Bb5 Nxc3 18. Bxc3 d4 19. Bb2 Ne5 20. Nxe5 Qxe5 21.
f4 Qe4 22. Bxe8 Rxe8 23. Qf3 Qe7 24. e4 Bxe4 25. Qf1 f5 26. b4 d3 27. bxc5
Bxc5+ 28. Kh1 Qd6 29. Rc4 Bb6 30. Rdc1 Qd7 31. Re1 Re6 32. a4 h6 33. a5 Bxa5
34. Bc3 Bxc3 35. Rxc3 d2 0-1

[Event "34 Open Internacional Ciudad de San Seba"]
[Site "Donostia-San Sebastian"]
[Date "2011.04.17"]
[Round "2"]
[White "Martin Alvarez, Inigo"]
[Black "Orube Bona, Andoni"]
[Result "1-0"]
[WhiteElo "2316"]
[BlackElo "1756"]
[PlyCount "45"]
[EventDate "2011.04.16"]
[EventRounds "9"]
[EventCountry "ESP"]

1. e4 c5 2. Nf3 g6 3. d4 cxd4 4. Nxd4 Nc6 5. c4 Nf6 6. Nc3 d6 7. Nc2 Bg7 8. Be2
O-O 9. O-O Be6 10. Be3 Nd7 11. Qd2 a5 12. Bh6 Nc5 13. Bxg7 Kxg7 14. Nd4 Bd7 15.
Rad1 Qb6 16. Nd5 Qd8 17. Qe3 Ne5 18. f4 Ng4 19. Qc3 e5 20. Bxg4 Bxg4 21. fxe5
Bxd1 22. e6 Nxe4 23. Nf5+ 1-0

[Event "34 Open Internacional Ciudad de San Seba"]
[Site "Donostia-San Sebastian"]
[Date "2011.04.17"]
[Round "2"]
[White "Martikorena Endara, Patxi"]
[Black "Piasetski, Leon"]
[Result "0-1"]
[WhiteElo "1612"]
[BlackElo "2299"]
[PlyCount "60"]
[EventDate "2011.04.16"]
[EventRounds "9"]
[EventCountry "ESP"]

1. e4 c5 2. Nf3 e6 3. d4 cxd4 4. Nxd4 a6 5. c4 b6 6. Be2 Bb7 7. Bf3 Qc7 8. b3
Nf6 9. Qd3 d6 10. Bb2 Nbd7 11. Nd2 Be7 12. O-O O-O 13. Qc3 Rfe8 14. Rfe1 Rac8
15. Rac1 Qb8 16. Qe3 Bd8 17. Be2 Qa8 18. f3 Bc7 19. Nf1 d5 20. exd5 exd5 21.
Qg5 h6 22. Qh4 Be5 23. Bd3 dxc4 24. Bxc4 b5 25. Be2 Rxc1 26. Bxc1 Qb8 27. Nf5
Bc3 28. Bd2 Bxd2 29. Nxd2 Qe5 30. Ng3 Qe3+ 0-1

[Event "34 Open Internacional Ciudad de San Seba"]
[Site "Donostia-San Sebastian"]
[Date "2011.04.17"]
[Round "2"]
[White "Lopez Heras, Arturo"]
[Black "Elsness, Frode"]
[Result "0-1"]
[WhiteElo "2002"]
[BlackElo "2484"]
[PlyCount "44"]
[EventDate "2011.04.16"]
[EventRounds "9"]
[EventCountry "ESP"]

1. e4 e5 2. Nf3 Nc6 3. Bc4 Bc5 4. b4 Bxb4 5. c3 Be7 6. d4 Na5 7. Bd3 d6 8. O-O
Nc6 9. Nbd2 Nf6 10. Re1 O-O 11. Ba3 Bg4 12. Qb3 Rb8 13. Rab1 Nd7 14. Bb5 Na5
15. Qa4 c6 16. Bf1 b5 17. Qc2 Qc7 18. h3 Bxf3 19. Nxf3 Nb6 20. Bb4 Nac4 21. Rb3
a5 22. Ba3 a4 0-1

[Event "34 Open Internacional Ciudad de San Seba"]
[Site "Donostia-San Sebastian"]
[Date "2011.04.17"]
[Round "2"]
[White "Fernandez Garcia, Javier"]
[Black "Alvarez Fernandez, Enrique"]
[Result "0-1"]
[WhiteElo "1976"]
[BlackElo "2374"]
[PlyCount "56"]
[EventDate "2011.04.16"]
[EventRounds "9"]
[EventCountry "ESP"]

1. d4 d5 2. Nf3 Nf6 3. e3 c6 4. c4 a6 5. Nbd2 Bf5 6. Be2 h6 7. b4 e6 8. Qb3
Nbd7 9. Bb2 Be7 10. O-O O-O 11. Ne5 Nxe5 12. dxe5 Nd7 13. Rac1 Qb8 14. f4 b5
15. cxd5 cxd5 16. Rc6 Nb6 17. e4 dxe4 18. g4 Bh7 19. f5 Qb7 20. Rfc1 Bg5 21.
Rc7 Qd5 22. Qxd5 Nxd5 23. Nxe4 Nxc7 24. Nxg5 hxg5 25. Rxc7 Rfc8 26. Rxc8+ Rxc8
27. Bd3 Rd8 28. Be4 Rd1+ 0-1

[Event "34 Open Internacional Ciudad de San Seba"]
[Site "Donostia-San Sebastian"]
[Date "2011.04.17"]
[Round "2"]
[White "Cendagortagalarza Rodriguez, Jo"]
[Black "Suarez Garcia, Carlos"]
[Result "0-1"]
[WhiteElo "1696"]
[BlackElo "2177"]
[PlyCount "66"]
[EventDate "2011.04.16"]
[EventRounds "9"]
[EventCountry "ESP"]

1. e4 c5 2. Nf3 e6 3. d4 cxd4 4. Nxd4 Nc6 5. Be3 Qc7 6. Nb3 Nf6 7. Bd3 Be7 8.
f4 d6 9. Nc3 a6 10. a4 b6 11. Qe2 Bb7 12. g4 Nd7 13. h4 Nc5 14. Nd2 Nb4 15. Nf3
Bf6 16. Ra3 Qd7 17. Bxc5 dxc5 18. g5 Be7 19. O-O Nxd3 20. cxd3 c4 21. d4 Bxa3
22. bxa3 O-O 23. Rd1 Qd6 24. h5 Qxf4 25. Rf1 Qg4+ 26. Kf2 Qxh5 27. Qe3 f6 28.
g6 hxg6 29. Ne2 g5 30. Ng3 Qg6 31. d5 exd5 32. Qxb6 dxe4 33. Ne5 fxe5+ 0-1

[Event "34 Open Internacional Ciudad de San Seba"]
[Site "Donostia-San Sebastian"]
[Date "2011.04.17"]
[Round "2"]
[White "Aranaz Portugues, Jose Carlos"]
[Black "Elduayen Echave, Ramon"]
[Result "1-0"]
[WhiteElo "2130"]
[BlackElo "1553"]
[PlyCount "90"]
[EventDate "2011.04.16"]
[EventRounds "9"]
[EventCountry "ESP"]

1. d4 d6 2. Nf3 Nf6 3. Bg5 Nbd7 4. e3 e5 5. Bc4 Be7 6. O-O O-O 7. c3 c6 8. Bb3
h6 9. Bh4 e4 10. Nfd2 d5 11. c4 Nb6 12. a4 a5 13. c5 Nbd7 14. Nc3 Re8 15. f3
exf3 16. Qxf3 Nf8 17. h3 Ng6 18. Bg3 b6 19. cxb6 Qxb6 20. Kh1 Be6 21. Rab1 Rf8
22. Bc2 c5 23. Nb5 Rac8 24. Bf5 Bxf5 25. Qxf5 cxd4 26. exd4 Bb4 27. Nf3 Ne4 28.
Bh2 Ne7 29. Qe5 Rc2 30. Ne1 f6 31. Qh5 Bxe1 32. Rfxe1 Rfc8 33. Bd6 Qxd6 34.
Nxd6 Ng3+ 35. Kh2 Nxh5 36. Nxc8 Nxc8 37. Rec1 Rxc1 38. Rxc1 Nb6 39. b3 Nf4 40.
Rc6 Ne2 41. Rxb6 Nxd4 42. b4 axb4 43. a5 b3 44. a6 b2 45. a7 Nc6 1-0

[Event "34 Open Internacional Ciudad de San Seba"]
[Site "Donostia-San Sebastian"]
[Date "2011.04.18"]
[Round "3"]
[White "Spraggett, Kevin"]
[Black "Colovic, Aleksandar"]
[Result "1/2-1/2"]
[WhiteElo "2576"]
[BlackElo "2452"]
[PlyCount "41"]
[EventDate "2011.04.16"]
[EventRounds "9"]
[EventCountry "ESP"]

1. e4 c5 2. Nf3 d6 3. d4 cxd4 4. Nxd4 Nf6 5. Nc3 e6 6. g3 Nc6 7. Bg2 Bd7 8.
Nde2 Be7 9. O-O O-O 10. h3 Rc8 11. g4 h6 12. Ng3 Ne5 13. f4 Nc4 14. Kh1 b5 15.
a3 Nxa3 16. Rxa3 b4 17. Rxa7 bxc3 18. b3 Qb6 19. Ra2 Bc6 20. Qe1 Qb7 21. Qe3
1/2-1/2